Recapitulación de los trabajos de demarcación de la línea fronteriza : (Registro nro. 7994)

Detalles MARC
000 -LEADER
fixed length control field 01326nam a2200265 a 4500
001 - CONTROL NUMBER
control field 000027802
003 - CONTROL NUMBER IDENTIFIER
control field DO-SdBNP
005 - DATE AND TIME OF LATEST TRANSACTION
control field 20150722110359.0
007 - PHYSICAL DESCRIPTION FIXED FIELD--GENERAL INFORMATION
fixed length control field 000027802
008 - FIXED-LENGTH DATA ELEMENTS--GENERAL INFORMATION
fixed length control field 110405s2002 dr 000 0 spa d
040 ## - CATALOGING SOURCE
Original cataloging agency BPMSU
Language of cataloging spa
Transcribing agency BPMSU
092 ## - LOCALLY ASSIGNED DEWEY CALL NUMBER (OCLC)
Classification number xxxx
Item number R426r
110 1# - MAIN ENTRY--CORPORATE NAME
Corporate name or jurisdiction name as entry element República Dominicana
Subordinate unit Secretaría de Estado de Relaciones Exteriores
245 10 - TITLE STATEMENT
Title Recapitulación de los trabajos de demarcación de la línea fronteriza :
Remainder of title informe general que al Poder Ejecutivo presenta, por conducto de la Secretaría de Estado de Relaciones Exteriores, el ingeniero Manuel S. Gautier, presidente de la Sección Dominicana de la Comisión Delimitadora de Fronteras Domínico-Haitiana el 1 de abril de 1943 /
Statement of responsibility, etc. editorial, Hugo Tolentino Dipp, Miguel Antonio Rodríguez Cabrer, Ada Hernández.
260 ## - PUBLICATION, DISTRIBUTION, ETC. (IMPRINT)
Place of publication, distribution, etc. Santo Domingo :
Name of publisher, distributor, etc. Escuela Diplomática y Consular, Secretaría de Relaciones Exteriores,
Date of publication, distribution, etc. 2002.
Manufacturer Editora Centenario
300 ## - PHYSICAL DESCRIPTION
Extent 58 p. ;
Dimensions 21 cm.
700 1# - ADDED ENTRY--PERSONAL NAME
Personal name Tolentino Dipp, Hugo,
Dates associated with a name 1930-
Relator term ed
700 1# - ADDED ENTRY--PERSONAL NAME
Personal name Rodríguez Cabrera, Miguel Antonio
Relator term ed.
700 1# - ADDED ENTRY--PERSONAL NAME
Personal name Hernández, Ada
Relator term ed.
930 #1 - EQUIVALENCE OR CROSS-REFERENCE-UNIFORM TITLE HEADING [LOCAL, CANADA]
Language of a work BND01
Medium of performance for music LF1
Field link and sequence number 20110509
Date of a work 04
Name of part/section of a work HD
Miscellaneous information 19884
942 ## - ADDED ENTRY ELEMENTS (KOHA)
Source of classification or shelving scheme Dewey Decimal Classification
Koha item type Libros
956 ## - LOCAL ELECTRONIC LOCATION AND ACCESS (OCLC)
Host name IGARCIA
Access number 10
Compression information 20110405
Logon BND01
Processor of request 0829
956 ## - LOCAL ELECTRONIC LOCATION AND ACCESS (OCLC)
Host name LOPEREZ
Access number 10
Compression information 20110509
Logon BND01
Processor of request 1505
956 ## - LOCAL ELECTRONIC LOCATION AND ACCESS (OCLC)
Host name VMATEO
Access number 10
Compression information 20150722
Logon BPMSU
Processor of request 00151
Existencias
Withdrawn status Lost status Source of classification or shelving scheme Damaged status Not for loan Collection code Home library Current library Date acquired Total Checkouts Barcode Date last seen Price effective from Koha item type
    Dewey Decimal Classification       Biblioteca Pública Metropolitana Salomé Ureña Biblioteca Pública Metropolitana Salomé Ureña 07/22/2015   BPMET15070322 07/22/2015 07/22/2015 Libros